Ideový návrh zážihového spaľovacieho motora rešpektujúceho princípy downsizingu

Gespeichert in:
Bibliographische Detailangaben
1. Verfasser: Kajánek, Matúš, 1986- (Verfasst von)
Weitere Verfasser: Polóni, Marián, 1948- (Betreuung Doktorarbeit)
Format: Manuskript Buch
Sprache:Slowakisch
Veröffentlicht: Bratislava : STU v Bratislave SjF, 2010
Schlagworte:
Online-Zugang:VAIS
Tags: Tag hinzufügen
Keine Tags, Fügen Sie das erste Tag hinzu!

MARC

LEADER 00000ntm a22000003a 4500
001 stu210270
005 20150617230101.3
008 100901s2010----xo------------------slo-d
040 |a STU  |b slo 
041 0 |a slo 
044 |a xo 
100 1 |a Kajánek, Matúš,  |d 1986-  |4 aut  |u J0030  |U SjF Strojnícka fakulta  |T SjF Ústav dopravnej techniky a konštruovania  |X 26782  |U J0030  |Y 806  |7 A000026782 
242 0 0 |a Ideological project of petrol engine respecting downsizing  |y eng 
245 1 |a Ideový návrh zážihového spaľovacieho motora rešpektujúceho princípy downsizingu 
260 |a Bratislava :  |b STU v Bratislave SjF,  |c 2010 
650 7 |a preplňovanie  |2 stusub 
650 7 |a motor  |2 stusub 
650 7 |a rozvodový mechanizmus  |2 stusub 
650 7 |a piest  |2 stusub 
650 7 |a supercharging  |2 estusub 
650 7 |a engine  |2 estusub 
650 7 |a turbocharger  |2 estusub 
650 7 |a piston  |2 estusub 
700 1 |a Polóni, Marián,  |d 1948-  |4 ths  |u J0030  |U SjF Strojnícka fakulta  |T SjF Ústav dopravnej techniky a konštruovania  |X 2462  |U J0030  |Y 806  |7 A000002462 
856 4 |a info a plný text  |u http://is.stuba.sk/zp/portal_zp.pl?podrobnosti=62514  |3 VAIS 
996 |b 284J039020  |c J*888/DP  |l JJSK  |s A  |a 24  |w stu210270_0001